| 000 | 03447nam a2200289 a 4500 | ||
|---|---|---|---|
| 003 | OSt | ||
| 005 | 20251029115545.0 | ||
| 007 | cr ||||||a|c|a | ||
| 008 | 230518s2019 mx a|||fom||| 001 0 s d | ||
| 040 | _erda | ||
| 100 | 1 |
_9187097 _aMora García, Karina Yasmine |
|
| 245 | 1 | 0 |
_aPorvenir de la producción de semilla de maíz en México ante el posible cambio al acta 91 de la Unión Internacional para la Protección de las Obtenciones Vegetales / _cPor Karina Yasmine Mora García; director de tesis Rita Schwentesius Rindermann. |
| 264 | 1 |
_aChapingo, México : _bEl autor, _c2019 |
|
| 300 |
_a1 recurso en línea (161 páginas): _bCuadros y figuras. |
||
| 336 |
_2rdacontent _atexto _btxt |
||
| 337 |
_2rdamedia _acomputadora _bc |
||
| 338 |
_2rdacarrier _arecurso en línea _bcr |
||
| 502 |
_bMCSR _cSociología _d2019. _gMAE |
||
| 504 | _aIncluye referencias bibliográficas: páginas -138-145 | ||
| 520 | _aAnte la necesidad de indagar sobre cuáles serían las repercusiones que se presentarán en la producción de semilla de maíz en México con la entrada en vigor del Tratado Transpacífico, el Tratado de Libre Comercio entre México, Estados Unidos y Canadá, y el probable cambio al acta UPOV 91, se partió de conocer la problemática actual en la producción de semillas en el país, principalmente aspectos técnicos, sociales, económicos, legales y políticos. Los objetivos de la presente investigación fueron: I) Analizar la situación de producción y distribución de las semillas de maíz de pequeños productores; e II) Identificar los retos a los que se enfrentan los productores ante la globalización y proyectar cuáles son las alternativas para su beneficio. La investigación se realizó en el periodo 2018-2019, y se recurrió a diversas estrategias metodológicas como la investigación bibliográfica, estudios de caso, observación y entrevistas con informantes clave, en las que se incluyeron la combinación de métodos cualitativos y cuantitativos. De esta manera, se pudo conocer cuáles son las problemáticas existentes en la producción de semilla de maíz, las implicaciones al ratificar el TPP-11, T-MEC y UPOV 91, así como llegar a proponer acciones que se apliquen en políticas para beneficiar la producción de este insumo y proteger la biodiversidad del país. Como alternativa, para retirar a México de la obligatoriedad de cambiar al acta UPO 91, se puede plantear una salvaguarda ante el T-MEC, propuesta desde la Cámara de Senadores, además de lograr la aprobación de la Ley de Protección y Fomento del Maíz Nativo. Se concluye que, se intenta imponer sobre México el carácter de obligatoriedad para adherirse a UPOV 91, se presiona a los agricultores mexicanos a ser parte de convenios internacionales que no representan ni defienden sus derechos de uso e intercambio libre de semillas; la prohibición de la derivación esencial de variedades, la privatización de las semillas es una condición que dañará al país y las empresas medianas y pequeñas son necesarias para la producción de alimentos. | ||
| 650 | 4 |
_9128410 _aMaíz _xProducción _zMéxico |
|
| 650 | 7 |
_9187053 _aMaíz _xAspectos socioeconómicos _zMéxico |
|
| 650 | 4 |
_9141323 _aMaíz _xVariedades |
|
| 700 | 1 |
_aSchwentesius Rindermann, Rita _edirector. _9103302 |
|
| 856 |
_uhttp://10.13.5.2/tesis/tm/Mora_Garcia_Karina_Yazmine.pdf _zDESCARGAR PDF |
||
| 942 |
_2Clasificación Universidad Autónoma Chapingo _cTD |
||
| 999 |
_c218788 _d218788 |
||